01019nam a22002777a 4500003000500000005001700005008004100022010001000063011001000073020001500083035001100098040000900109082001700118100002700135245011700162260006200279300002600341590004200367650004400409700003400453901000700487942001000494949007600504999001700580952014400597CHAP20220329143546.0100528s1991 us a r 00010 eng d a98537 a99509 a0929521544 a110195 cCHAP14a378.754bW771 aWithrow, Dolly912236810aFrom the grove to the starsbWest Virginia State College(1891-1991)c/por Dolly Winthrow and Elizabeth H.Scobell aVirginia :bPictorial Histories Publishing Company,c1991 axiii, 202 p. :bilus. aCONVERSIONb10c20130109lUCH01h135404aUniversidadesxHistoriaxE.U.A.91166291 aScobell, Elizabeth H.9103347 aBK cLIBRO a378.754 W77bBCcLIBROd33724002106827eLIBROgI.c/eh112641i110195sb c98537d98537 00102ddc4052708GRALaBCbBCcPA_GRALd2019-12-31eI.c/efLIBROl0o378.754 W77p33724002106827r2019-12-31 00:00:00w2019-12-31yLIBRO